000 00445nam a2200145Ia 4500
008 100204s9999 xx 000 0 und d
082 _b26664
100 _aफाटक अनुराधा
245 _aराऊप्रिया
260 _b"सानिया पब्लिकेशन , पुणे"
_c2005
300 _a219
630 _aराऊप्रिया
730 _aराऊप्रिया
942 _cBOOK
999 _c471843
_d471840